The Revelation : (Record no. 7621)
[ view plain ]
| 000 -LEADER | |
|---|---|
| fixed length control field | 00554nam a22001817a 4500 |
| 003 - CONTROL NUMBER IDENTIFIER | |
| control field | GBCCL |
| 005 - DATE AND TIME OF LATEST TRANSACTION | |
| control field | 20241126110632.0 |
| 008 - FIXED-LENGTH DATA ELEMENTS--GENERAL INFORMATION | |
| fixed length control field | 180904b ||||| |||| 00| 0 eng d |
| 040 ## - CATALOGING SOURCE | |
| Transcribing agency | gbc |
| 082 ## - DEWEY DECIMAL CLASSIFICATION NUMBER | |
| Classification number | 228.06 |
| Item number | GAE |
| 100 ## - MAIN ENTRY--PERSONAL NAME | |
| Personal name | Gaebelein, Arno Clemens |
| 9 (RLIN) | 13435 |
| 245 ## - TITLE STATEMENT | |
| Title | The Revelation : |
| Remainder of title | an analysis and exposition of the last book of the Bible |
| 260 ## - PUBLICATION, DISTRIBUTION, ETC. | |
| Date of publication, distribution, etc. | 1915. |
| Place of publication, distribution, etc. | New York: |
| Name of publisher, distributor, etc. | Our hope, |
| 300 ## - PHYSICAL DESCRIPTION | |
| Extent | 225 pages ; |
| Other physical details | 21 cm |
| 650 ## - SUBJECT ADDED ENTRY--TOPICAL TERM | |
| Topical term or geographic name entry element | Bible. -- Revelation -- Prophecies. |
| 9 (RLIN) | 13436 |
| 650 ## - SUBJECT ADDED ENTRY--TOPICAL TERM | |
| Topical term or geographic name entry element | Bible. -- Revelation. |
| 9 (RLIN) | 13437 |
| 942 ## - ADDED ENTRY ELEMENTS (KOHA) | |
| Source of classification or shelving scheme | Dewey Decimal Classification |
| Koha item type | Books |
| Koha issues (borrowed), all copies | 2 |
| Withdrawn status | Lost status | Source of classification or shelving scheme | Damaged status | Not for loan | Home library | Current Library | Shelving location | Date acquired | Total checkouts | Full call number | Barcode | Date last seen | Date last checked out | Copy number | Price effective from | Koha item type |
|---|---|---|---|---|---|---|---|---|---|---|---|---|---|---|---|---|
| Dewey Decimal Classification | GRACE BIBLE COLLEGE | GRACE BIBLE COLLEGE | Biblical Studies | 2018-09-04 | 2 | 228.06 GAE | 003378 | 2025-05-01 | 2024-09-16 | c.1 | 2018-09-04 | Books |